000 00715nam a2200265Ia 4500
005 20260121170425.0
008 008 260114s9999 xx 000 0 eng d
020 _a9789811077302
037 _aEBOOK
040 _aCRL
040 _beng
040 _cCRL
041 _2eng
041 _aeng
084 _qCRL
100 _aShenglin Ben, Jiefang Yu, Yue Gu, Jiamin Lv, Lijun Zhang, Huichao Gong, Hanting Gu, Qi Shuai
_91063704
245 0 _aIn Pursuit of Presence or Prominence?
260 _bSpringer
260 _bSpringer
260 _c2018
856 _uhttps://link.springer.com/openurl?genre=book&isbn=978-981-10-7730-2
942 _cEBOOK
999 _c1629433
_d1629433